German Conjuctions (Yellow Box) - Statistics

General Stats
  • This quiz has been taken 15 times
  • The average score is 11 of 38
Answer Stats
Hint Answer % Correct
or oder/beziehungsweise
100%
and und
100%
but (not except) aber
92%
when als/wenn
67%
before bevor
58%
that dass
58%
because weil/da
58%
than als
50%
although obwohl/trotzdem
50%
while (temporal) während
50%
if (not whether) wenn/falls/sofern
50%
how wie
42%
where wo
33%
until bis
25%
for (because) denn
25%
whether ob
25%
as soon as/ by the time that sobald
25%
neither weder
25%
like/as (manner) wie
25%
before (ere) ehe
17%
either entweder
17%
after nachdem
17%
so that (result) sodass
17%
as long as solange
17%
as ... as so... wie
17%
in order that damit/somit
8%
so much the desto/umso
8%
nor noch
8%
although obschon/obgleich
8%
since (temporal) seitdem
8%
rather sondern
8%
both sowohl
8%
however (on the other hand) dagegen
0%
by (method) indem
0%
nonetheless nichtsdestotrotz
0%
as well as sowie
0%
as soon as sowie
0%
especially since zumal
0%
No matching quizzes found
Score Distribution
Percent of People with Each Score
Percentile by Number Answered
Your Score History
You have not taken this quiz